MRT Stations of Singapore - Circle Line - Statistics

General Stats
  • This quiz has been taken 33 times
  • The average score is 24 of 30
Answer Stats
Hint Answer % Correct
Station Dhoby Ghaut
94%
Station Stadium
91%
Station Caldecott
88%
Station Holland Village
88%
Station Serangoon
88%
Station Bishan
84%
Station Buona Vista
84%
Station Farrer Road
84%
Station Harbour Front
84%
Station one-north
84%
Station Bartley
81%
Station Bay Front
81%
Station Botanic Gardens
81%
Station Dakota
81%
Station Haw Par Villa
81%
Station Lorong Chuan
81%
Station Marymount
81%
Station Mountbatten
81%
Station Paya Lebar
81%
Station Promenade
81%
Station Labrador Park
78%
Station MacPherson
78%
Station Marina Bay
78%
Station Telok Blangah
78%
Station Bras Basah
75%
Station Esplanade
75%
Station Nicoll Highway
75%
Station Pasir Panjang
75%
Station Tai Seng
75%
Station Kent Ridge
41%
No matching quizzes found
Score Distribution
Percent of People with Each Score
Percentile by Number Answered
Your Score History
You have not taken this quiz